00620 2200193 4500001002100000005001500021035002000036007000300056008003900059082001600098084002200114100002600136245013500162260005300297300004100350650001100391600001100402022001300413INLIS00000000000117220250205085759 a0010-0225000010ta250205 | | |  a633.1-631.4 a633.1-631.4 DAW e0 aDawood Fahad Abdullah1 aEvaluation of the Agricultural Reality of the Industrial Yellow Corn Crop in the Iraqi Province of Kirkuk /cDawood Fahad Abdullah aUnited Kingdom, Bristol :bIOP Publishing,c2023 a1-10 hlm, :bIlus ;c21 cm x 29,7 cm 4aJurnal 4aJagung a17551315